| 000 | 00765nam2a22002171 4500 | ||
|---|---|---|---|
| 001 | RU\NLR\A1SV\156167 | ||
| 005 | 20251214193205.0 | ||
| 035 | _a(NLR Aleph) 012505129 | ||
| 090 |
_a13494317 _c13494317 |
||
| 100 | _a20210413d1920 u y0rusy50 ca | ||
| 101 | 0 | _arus | |
| 200 | 1 |
_a... за август 1920 г. _fРКП |
|
| 210 |
_cИзд. Моск. ком. РКП (б) _d1920 |
||
| 215 |
_a39 с. включ. обл. _cтабл., диагр. |
||
| 461 | 1 |
_1001RU\NLR\A1SV\156165 _912248627 _aРКП(б). Московский ком. _c[М.] _d1920-1921 _n31-я тип. МГСНХ (б. Губерн.) _tОтчет о деятельности МК РКП... |
|
| 801 | 0 |
_aRU _bNLR _c20210413 |
|
| 899 | _aРНБ | ||
| 942 | _cBOOK | ||
| 980 | _aA1SV | ||
| 980 | _aNB | ||